Signs of Stroke Quiz Stats

 Plays Quiz not verified by Sporcle

Support Sporcle.
Go Orange.
Score 0/5 Timer 02:00
0 Plays Today
% Correct
Weakness
79.7%
Trouble Speaking
74.6%
Dizziness
37.3%
Headache
35.6%
Vision Trouble
27.1%

You're not logged in!

Compare scores with friends on all Sporcle quizzes.
OR
Log In

From the Vault

City Profile: Moscow

by Cika_Zare

In case you're Russian to see all the sights.
Remove Ads.
Support Sporcle.
Get the best of Sporcle when you Go Orange. This ad-free experience offers more features, more stats, and more fun while also helping to support Sporcle. Thank you for becoming a member.

Show Comments

Extras

Created Feb 13, 2011SourceReportNominate
Tags:detail, sign, stroke, Warning

Top Quizzes Today


Score Distribution

Your Account Isn't Verified!

In order to create a playlist on Sporcle, you need to verify the email address you used during registration. Go to your Sporcle Settings to finish the process.

Report this User

Report this user for behavior that violates our Community Guidelines.

Details: